000 00641nam a2200193 a 4500
001 000236424
003 AM-YeHGA
005 20250618071607.0
008 030618s1891 gs r 000 0 arm d
040 _aAM-YeHGA
100 1 _aՇիլլեր, Ֆրիդրիխ,
_d1759-1805
245 1 0 _aՖրիդոլին /
_cՖ. Շիլլեր; Թարգմ.՝ Րաֆֆի.
260 _aԹիֆլիս :
_bտպ. Արոր,
_c1891.
300 _a32 էջ ; :
_b14 սմ.
500 _aԿազմի վրա` 1892
650 1 4 _aԳերմանական գրականություն
_xՊատմվածք
700 0 _aՐաֆֆի,
_d1835-1888
_eթարգմ.
_4trl
_9926
090 _c84886
999 _c83611
_d83611